[Event "106th British-ch 2019"]
[Site "Torquay"]
[Date "2019.07.27"]
[Round "1.9"]
[White "Arkell, Keith C"]
[Black "Player, Edmund C"]
[Result "1-0"]
[WhiteElo "2461"]
[BlackElo "2202"]
[Annotator "ChessBase"]
[PlyCount "53"]
[EventDate "2019.07.27"]
[EventType "swiss"]
[EventCountry "GBR"]
[SourceTitle "playchess.com"]
[Source "ChessBase"]
[SourceQuality "1"]
[TimeControl "40/5400+30:1800+30"]

1. c4 {[%emt 0:00:00]} e5 {[%emt 0:00:00]} 2. Nc3 {[%emt 0:00:00]} Nf6 {[%emt 0:00:00]} 3. g3 {[%emt 0:00:00]} d5 {[%emt 0:00:11]} 4. cxd5 {[%emt 0:00:00]} Nxd5 {[%emt 0:00:06]} 5. Bg2 {[%emt 0:00:01]} Nb6 {[%emt 0:00:18]} 6. Nf3 {[%emt 0:00:43]} Nc6 {[%emt 0:00:12]} 7. O-O {[%emt 0:00:15]} Be6 {[%emt 0:00:27]} 8. a3 {[%emt 0:01:05]} Be7 {[%emt 0:01:39]} 9. b4 {[%emt 0:00:05]} f6 {[%emt 0:02:00]} 10. d3 {[%emt 0:00:43]} O-O {[%emt 0:00:54]} 11. Bb2 {[%emt 0:01:15]} Qd7 {[%emt 0:04:00]} 12. Qc2 {[%emt 0:02:23]} a5 {[%emt 0:25:08]} 13. b5 {[%emt 0:00:25]} Nd4 {[%emt 0:01:17]} 14. Nxd4 {[%emt 0:00:27]} exd4 {[%emt 0:00:15]} 15. Ne4 {[%emt 0:00:31]} Qxb5 {[%emt 0:07:18]} 16. Bxd4 {[%emt 0:00:42]} Bb3 {[%emt 0:33:44]} 17. Rfb1 {[%emt 0:13:13]} Bxc2 {[%emt 0:11:38]} 18. Rxb5 {[%emt 0:00:06]} Ba4 {[%emt 0:02:35]} 19. Rb2 {[%emt 0:04:55]} Nd5 {[%emt 0:01:59]} 20. Nc5 {[%emt 0:02:34]} Bc6 {[%emt 0:00:14]} 21. Nxb7 {[%emt 0:00:54]} Rab8 {[%emt 0:04:52]} 22. Nxa5 {[%emt 0:00:21]} Ba8 {[%emt 0:00:06]} 23. Rc2 {[%emt 0:02:14]} Rb5 {[%emt 0:01:55]} 24. Nc6 {[%emt 0:00:27]} Bxc6 {[%emt 0:00:35]} 25. Rxc6 {[%emt 0:00:08]} Ra8 {[%emt 0:00:21]} 26. Bc5 {[%emt 0:00:59]} Kf8 {[%emt 0:00:34]} 27. Bxd5 {[%emt 0:00:18]} 1-0

[Event "106th British-ch 2019"]
[Site "Torquay"]
[Date "2019.07.27"]
[Round "1.10"]
[White "Stoyanov, Viktor"]
[Black "Haria, Ravi"]
[Result "0-1"]
[WhiteElo "2198"]
[BlackElo "2430"]
[Annotator "NA"]
[PlyCount "76"]
[EventDate "2019.07.27"]
[EventType "swiss"]
[EventCountry "GBR"]
[SourceTitle "playchess.com"]
[Source "ChessBase"]
[SourceQuality "1"]
[TimeControl "40/5400+30:1800+30"]

1. c4 {[%emt 0:00:00]} e6 {[%emt 0:03:23]} 2. g3 {[%emt 0:00:00]} d5 {[%emt 0:01:17]} 3. Bg2 {[%emt 0:00:00]} Nf6 {[%emt 0:03:25]} 4. Nf3 {[%emt 0:00:08]} d4 {[%emt 0:01:03]} 5. e3 {[%emt 0:00:05]} c5 {[%emt 0:00:33]} 6. O-O {[%emt 0:00:06]} Nc6 {[%emt 0:00:31]} 7. exd4 {[%emt 0:00:11]} cxd4 {[%emt 0:00:29]} 8. d3 {[%emt 0:00:06]} Bd6 {[%emt 0:01:25]} 9. Bg5 {[%emt 0:00:09]} h6 {[%emt 0:00:28]} 10. Bxf6 {[%emt 0:00:06]} Qxf6 {[%emt 0:00:05]} 11. Nbd2 {[%emt 0:00:08]} Qd8 {[%emt 0:06:12]} 12. Ne4 {[%emt 0:01:28]} Be7 {[%emt 0:07:40]} 13. a3 {[%emt 0:01:47]} a5 {[%emt 0:00:07]} 14. Re1 {[%emt 0:04:00]} O-O {[%emt 0:04:19]} 15. Rc1 {[%emt 0:02:55]} Qc7 {[%emt 0:18:05]} 16. c5 {[%emt 0:02:33]} Rd8 {[%emt 0:08:11]} 17. Nfd2 {[%emt 0:19:37]} Ne5 {[%emt 0:17:33]} 18. Qe2 {[%emt 0:02:01]} Nd7 {[%emt 0:00:11]} 19. c6 {[%emt 0:02:00]} bxc6 {[%emt 0:01:31]} 20. Rxc6 {[%emt 0:00:50]} Qb8 {[%emt 0:00:49]} 21. Rec1 {[%emt 0:05:48]} Bb7 {[%emt 0:04:06]} 22. Rc7 {[%emt 0:01:23]} Ra7 {[%emt 0:00:09]} 23. f4 {[%emt 0:05:43]} Bxe4 {[%emt 0:02:50]} 24. Rxd7 {[%emt 0:06:22]} Raxd7 {[%emt 0:00:37]} 25. Nxe4 {[%emt 0:00:23]} Rc7 {[%emt 0:00:20]} 26. Rf1 {[%emt 0:03:15]} Qb5 {[%emt 0:05:01]} 27. Bh3 {[%emt 0:02:36]} g6 {[%emt 0:04:23]} 28. g4 {[%emt 0:01:22]} Rdc8 {[%emt 0:00:55]} 29. f5 {[%emt 0:00:30]} Rc2 {[%emt 0:00:11]} 30. Qf3 {[%emt 0:00:21]} Qe5 {[%emt 0:00:26]} 31. Bg2 {[%emt 0:01:14]} Rc1 {[%emt 0:02:50]} 32. fxg6 {[%emt 0:01:08]} Rxf1+ {[%emt 0:00:05]} 33. Bxf1 {[%emt 0:00:44]} fxg6 {[%emt 0:00:10]} 34. Nd2 {[%emt 0:01:24]} Rc2 {[%emt 0:01:13]} 35. Qa8+ {[%emt 0:01:40]} Bf8 {[%emt 0:01:04]} 36. Qe4 {[%emt 0:02:15]} Qxe4 {[%emt 0:00:18]} 37. Nxe4 {[%emt 0:00:02]} Rxb2 {[%emt 0:00:14]} 38. a4 {[%emt 0:00:17]} Be7 {[%emt 0:01:11]} 0-1

[Event "106th British-ch 2019"]
[Site "Torquay"]
[Date "2019.07.27"]
[Round "1.11"]
[White "Pert, Richard G"]
[Black "Crickmore, Neil Eg"]
[Result "1/2-1/2"]
[WhiteElo "2430"]
[BlackElo "2187"]
[Annotator "NA"]
[PlyCount "42"]
[EventDate "2019.07.27"]
[EventType "swiss"]
[EventCountry "GBR"]
[SourceTitle "playchess.com"]
[Source "ChessBase"]
[SourceQuality "1"]
[TimeControl "40/5400+30:1800+30"]

1. e4 {[%emt 0:00:00]} e6 {[%emt 0:00:00]} 2. d4 {[%emt 0:00:00]} d5 {[%emt 0:00:00]} 3. Nd2 {[%emt 0:00:00]} Nf6 {[%emt 0:00:38]} 4. e5 {[%emt 0:00:00]} Nfd7 {[%emt 0:00:06]} 5. Ngf3 {[%emt 0:00:18]} c5 {[%emt 0:00:21]} 6. c3 {[%emt 0:00:05]} Nc6 {[%emt 0:00:15]} 7. Bd3 {[%emt 0:00:14]} cxd4 {[%emt 0:00:47]} 8. cxd4 {[%emt 0:00:07]} Qb6 {[%emt 0:00:16]} 9. O-O {[%emt 0:01:53]} a5 {[%emt 0:00:07]} 10. Re1 {[%emt 0:03:33]} Be7 {[%emt 0:02:00]} 11. Nb1 {[%emt 0:02:55]} Nxd4 {[%emt 0:13:35]} 12. Nxd4 {[%emt 0:01:02]} Qxd4 {[%emt 0:00:16]} 13. Nc3 {[%emt 0:00:27]} Qb6 {[%emt 0:03:07]} 14. Qg4 {[%emt 0:01:26]} g6 {[%emt 0:00:16]} 15. Nb5 {[%emt 0:07:17]} Nc5 {[%emt 0:05:40]} 16. Be3 {[%emt 0:03:40]} Bd7 {[%emt 0:01:27]} 17. a4 {[%emt 0:17:28]} Qd8 {[%emt 0:13:58]} 18. Bf1 {[%emt 0:07:14]} O-O {[%emt 0:09:26]} 19. Rac1 {[%emt 0:09:54]} b6 {[%emt 0:08:12]} 20. Bh6 {[%emt 0:05:19]} f5 {[%emt 0:15:28]} 21. Qf4 {[%emt 0:04:04]} Bxb5 {[%emt 0:01:09]} 1/2-1/2

[Event "106th British-ch 2019"]
[Site "Torquay"]
[Date "2019.07.27"]
[Round "1.12"]
[White "Ogunshola, Olugbemiga (Ben)"]
[Black "Houska, Jovanka"]
[Result "1/2-1/2"]
[WhiteElo "2172"]
[BlackElo "2422"]
[Annotator "NA"]
[PlyCount "56"]
[EventDate "2019.07.27"]
[EventType "swiss"]
[EventCountry "GBR"]
[SourceTitle "playchess.com"]
[Source "ChessBase"]
[SourceQuality "1"]
[TimeControl "40/5400+30:1800+30"]

1. c4 {[%emt 0:01:55]} e6 {[%emt 0:00:02]} 2. Nf3 {[%emt 0:00:47]} d5 {[%emt 0:00:05]} 3. g3 {[%emt 0:02:03]} dxc4 {[%emt 0:00:26]} 4. Qa4+ {[%emt 0:00:31]} Bd7 {[%emt 0:00:18]} 5. Qxc4 {[%emt 0:00:03]} c5 {[%emt 0:00:08]} 6. Bg2 {[%emt 0:00:16]} Bc6 {[%emt 0:00:05]} 7. O-O {[%emt 0:00:35]} Nf6 {[%emt 0:00:38]} 8. Nc3 {[%emt 0:00:45]} Be7 {[%emt 0:02:21]} 9. Rd1 {[%emt 0:06:03]} Nbd7 {[%emt 0:04:19]} 10. d4 {[%emt 0:07:58]} Rc8 {[%emt 0:02:00]} 11. Ne5 {[%emt 0:12:34]} Bxg2 {[%emt 0:03:20]} 12. Kxg2 {[%emt 0:03:00]} O-O {[%emt 0:13:01]} 13. Qa4 {[%emt 0:13:22]} Nxe5 {[%emt 0:16:11]} 14. dxe5 {[%emt 0:00:39]} Nd5 {[%emt 0:00:07]} 15. Qg4 {[%emt 0:08:16]} Qc7 {[%emt 0:01:01]} 16. Nxd5 {[%emt 0:01:03]} exd5 {[%emt 0:00:06]} 17. Rxd5 {[%emt 0:00:17]} Rfd8 {[%emt 0:02:02]} 18. e4 {[%emt 0:01:08]} Qc6 {[%emt 0:03:04]} 19. Qf3 {[%emt 0:09:01]} Qe6 {[%emt 0:00:21]} 20. Bd2 {[%emt 0:08:11]} Rxd5 {[%emt 0:12:23]} 21. exd5 {[%emt 0:00:02]} Qxe5 {[%emt 0:00:07]} 22. Re1 {[%emt 0:06:35]} Qf6 {[%emt 0:00:07]} 23. Qg4 {[%emt 0:01:50]} Rd8 {[%emt 0:01:00]} 24. Bc3 {[%emt 0:02:33]} Qg5 {[%emt 0:00:06]} 25. Qxg5 {[%emt 0:00:26]} Bxg5 {[%emt 0:00:02]} 26. h4 {[%emt 0:00:10]} Bf6 {[%emt 0:00:03]} 27. Bxf6 {[%emt 0:00:14]} gxf6 {[%emt 0:00:04]} 28. Re7 {[%emt 0:00:07]} b5 {[%emt 0:02:56]} 1/2-1/2

[Event "106th British-ch 2019"]
[Site "Torquay"]
[Date "2019.07.27"]
[Round "1.13"]
[White "Ward, Chris G"]
[Black "Ledger, Dave J"]
[Result "1-0"]
[WhiteElo "2418"]
[BlackElo "2168"]
[Annotator "NA RC"]
[PlyCount "59"]
[EventDate "2019.07.27"]
[EventType "swiss"]
[EventCountry "GBR"]
[SourceTitle "playchess.com"]
[Source "ChessBase"]
[SourceQuality "1"]
[TimeControl "40/5400+30:1800+30"]

1. c4 {[%emt 0:00:00]} e5 {[%emt 0:00:00]} 2. g3 {[%emt 0:00:00]} Nc6 {[%emt 0:04:17]} 3. Bg2 {[%emt 0:01:38]} d6 {[%emt 0:01:01]} 4. Nc3 {[%emt 0:00:34]} Be6 {[%emt 0:01:14]} 5. d3 {[%emt 0:01:26]} Qd7 {[%emt 0:01:32]} 6. Rb1 {[%emt 0:04:08]} f5 {[%emt 0:02:12]} 7. b4 {[%emt 0:04:23]} Nf6 {[%emt 0:02:33]} 8. b5 {[%emt 0:11:23]} Nd8 {[%emt 0:00:13]} 9. Bg5 {[%emt 0:02:47]} Be7 {[%emt 0:01:31]} 10. e3 {[%emt 0:07:51]} O-O {[%emt 0:08:58]} 11. Nge2 {[%emt 0:00:43]} h6 {[%emt 0:08:13]} 12. Bxf6 {[%emt 0:00:43]} Bxf6 {[%emt 0:00:27]} 13. Nd5 {[%emt 0:05:12]} c6 {[%emt 0:05:52]} 14. bxc6 {[%emt 0:19:06]} bxc6 {[%emt 0:00:11]} 15. Nxf6+ {[%emt 0:00:33]} Rxf6 {[%emt 0:00:10]} 16. Qb3 {[%emt 0:06:51]} f4 {[%emt 0:20:19]} 17. gxf4 {[%emt 0:11:01]} Bh3 {[%emt 0:02:27]} 18. Be4 {[%emt 0:03:57]} Rc8 {[%emt 0:05:40]} 19. fxe5 {[%emt 0:03:50]} dxe5 {[%emt 0:00:46]} 20. Rg1 {[%emt 0:00:42]} Qf7 {[%emt 0:06:03]} 21. Qb2 {[%emt 0:01:58]} Qh5 {[%emt 0:07:44]} 22. Nf4 {[%emt 0:02:55]} exf4 {[%emt 0:05:34]} 23. Qxf6 {[%emt 0:00:31]} Qa5+ {[%emt 0:01:07]} 24. Ke2 {[%emt 0:00:35]} Ne6 {[%emt 0:06:04]} 25. Rb7 {[%emt 0:01:07]} f3+ {[%emt 0:01:17]} 26. Bxf3 {[%emt 0:01:05]} Qxa2+ {[%emt 0:01:11]} 27. Qb2 {[%emt 0:00:40]} Nd4+ {[%emt 0:00:36]} 28. exd4 {[%emt 0:00:45]} Re8+ {[%emt 0:00:17]} 29. Be4 {[%emt 0:00:25]} Rxe4+ {[%emt 0:00:05]} 30. dxe4 {[%emt 0:00:09]} 1-0

[Event "106th British-ch 2019"]
[Site "Torquay"]
[Date "2019.07.27"]
[Round "1.14"]
[White "Rocco, Federico"]
[Black "Wadsworth, Matthew J"]
[Result "1-0"]
[WhiteElo "2157"]
[BlackElo "2418"]
[Annotator "NA"]
[PlyCount "119"]
[EventDate "2019.07.27"]
[EventType "swiss"]
[EventCountry "GBR"]
[SourceTitle "playchess.com"]
[Source "ChessBase"]
[SourceQuality "1"]
[TimeControl "40/5400+30:1800+30"]

1. e4 {[%emt 0:00:00]} c5 {[%emt 0:00:00]} 2. Nf3 {[%emt 0:00:00]} e6 {[%emt 0:00:00]} 3. d4 {[%emt 0:00:00]} cxd4 {[%emt 0:00:00]} 4. Nxd4 {[%emt 0:00:00]} Nc6 {[%emt 0:00:13]} 5. Nc3 {[%emt 0:00:00]} Qc7 {[%emt 0:00:15]} 6. g3 {[%emt 0:00:03]} a6 {[%emt 0:01:00]} 7. Bg2 {[%emt 0:00:06]} Nf6 {[%emt 0:00:16]} 8. O-O {[%emt 0:01:18]} Nxd4 {[%emt 0:00:30]} 9. Qxd4 {[%emt 0:00:05]} Bc5 {[%emt 0:00:12]} 10. Bf4 {[%emt 0:00:05]} d6 {[%emt 0:00:39]} 11. Qd2 {[%emt 0:00:06]} h6 {[%emt 0:00:10]} 12. Rad1 {[%emt 0:00:13]} e5 {[%emt 0:00:26]} 13. Be3 {[%emt 0:00:05]} Bb4 {[%emt 0:00:08]} 14. a3 {[%emt 0:06:05]} Bxc3 {[%emt 0:00:44]} 15. Qxc3 {[%emt 0:02:08]} Qxc3 {[%emt 0:00:41]} 16. bxc3 {[%emt 0:00:07]} Be6 {[%emt 0:00:56]} 17. Rxd6 {[%emt 0:00:31]} Rc8 {[%emt 0:00:38]} 18. Rb1 {[%emt 0:00:39]} Rxc3 {[%emt 0:14:11]} 19. Rxb7 {[%emt 0:15:34]} O-O {[%emt 0:01:53]} 20. Ra7 {[%emt 0:06:31]} Ng4 {[%emt 0:02:53]} 21. Bd2 {[%emt 0:00:00]} Rxa3 {[%emt 0:01:12]} 22. Bf1 {[%emt 0:13:34]} Rc8 {[%emt 0:25:24]} 23. Bd3 {[%emt 0:02:59]} Ra1+ {[%emt 0:03:01]} 24. Kg2 {[%emt 0:00:10]} Nf6 {[%emt 0:09:33]} 25. Rdxa6 {[%emt 0:01:10]} Rd1 {[%emt 0:03:30]} 26. Bb4 {[%emt 0:04:33]} Bc4 {[%emt 0:11:09]} 27. Rd6 {[%emt 0:06:03]} Be6 {[%emt 0:03:35]} 28. Ra5 {[%emt 0:08:56]} Rb8 {[%emt 0:09:07]} 29. c3 {[%emt 0:01:03]} Ne8 {[%emt 0:00:59]} 30. Rxe6 {[%emt 0:00:49]} fxe6 {[%emt 0:00:29]} 31. Bc4 {[%emt 0:00:05]} Nf6 {[%emt 0:03:09]} 32. Rxe5 {[%emt 0:00:58]} Re1 {[%emt 0:01:21]} 33. Bxe6+ {[%emt 0:00:13]} Kh8 {[%emt 0:00:07]} 34. Bf5 {[%emt 0:00:16]} Re2 {[%emt 0:01:10]} 35. Bc5 {[%emt 0:00:43]} Rb5 {[%emt 0:02:49]} 36. Kf3 {[%emt 0:00:13]} Rc2 {[%emt 0:01:15]} 37. Bd4 {[%emt 0:00:07]} Rxe5 {[%emt 0:00:59]} 38. Bxe5 {[%emt 0:00:05]} Kg8 {[%emt 0:00:30]} 39. Bd4 {[%emt 0:00:06]} Rc1 {[%emt 0:00:44]} 40. e5 {[%emt 0:00:08]} Ne8 {[%emt 0:00:21]} 41. Be6+ {[%emt 0:31:06]} Kh8 {[%emt 0:30:55]} 42. Bf7 {[%emt 0:00:12]} Nc7 {[%emt 0:00:39]} 43. e6 {[%emt 0:00:21]} Re1 {[%emt 0:01:33]} 44. Be3 {[%emt 0:00:06]} Nd5 {[%emt 0:00:40]} 45. c4 {[%emt 0:00:48]} Ne7 {[%emt 0:01:34]} 46. h4 {[%emt 0:01:18]} Kh7 {[%emt 0:01:44]} 47. Bd2 {[%emt 0:00:48]} Re5 {[%emt 0:00:30]} 48. Bc3 {[%emt 0:00:35]} Rf5+ {[%emt 0:00:11]} 49. Ke3 {[%emt 0:00:55]} Rc5 {[%emt 0:01:46]} 50. Kd3 {[%emt 0:02:03]} Nc6 {[%emt 0:00:09]} 51. h5 {[%emt 0:01:44]} Kh8 {[%emt 0:00:16]} 52. f4 {[%emt 0:01:15]} Kh7 {[%emt 0:00:46]} 53. g4 {[%emt 0:00:33]} Kh8 {[%emt 0:01:51]} 54. g5 {[%emt 0:00:12]} Kh7 {[%emt 0:00:37]} 55. Bg6+ {[%emt 0:00:15]} Kg8 {[%emt 0:00:30]} 56. gxh6 {[%emt 0:05:11]} gxh6 {[%emt 0:02:40]} 57. f5 {[%emt 0:00:00]} Kf8 {[%emt 0:00:00]} 58. f6 {[%emt 0:00:56]} Rg5 {[%emt 0:00:53]} 59. e7+ {[%emt 0:00:00]} Nxe7 {[%emt 0:00:00]} 60. Bb4 {[%emt 0:00:00]} 1-0

[Event "106th British-ch 2019"]
[Site "Torquay"]
[Date "2019.07.27"]
[Round "1.15"]
[White "Taylor, Adam C"]
[Black "Smith, Andrew Philip"]
[Result "0-1"]
[WhiteElo "2402"]
[BlackElo "2147"]
[Annotator "NA"]
[PlyCount "80"]
[EventDate "2019.07.27"]
[EventType "swiss"]
[EventCountry "GBR"]
[SourceTitle "playchess.com"]
[Source "ChessBase"]
[SourceQuality "1"]
[TimeControl "40/5400+30:1800+30"]

1. Nf3 {[%emt 0:00:00]} c5 {[%emt 0:00:21]} 2. c4 {[%emt 0:00:00]} Nf6 {[%emt 0:00:17]} 3. g3 {[%emt 0:00:00]} d5 {[%emt 0:00:20]} 4. Bg2 {[%emt 0:00:39]} d4 {[%emt 0:10:07]} 5. b4 {[%emt 0:01:28]} g6 {[%emt 0:01:30]} 6. O-O {[%emt 0:01:54]} Bg7 {[%emt 0:00:19]} 7. d3 {[%emt 0:03:41]} cxb4 {[%emt 0:07:09]} 8. a3 {[%emt 0:00:00]} bxa3 {[%emt 0:04:53]} 9. Qa4+ {[%emt 0:03:48]} Bd7 {[%emt 0:09:34]} 10. Qxa3 {[%emt 0:00:05]} Nc6 {[%emt 0:01:43]} 11. Bb2 {[%emt 0:04:15]} Bf5 {[%emt 0:08:11]} 12. Nbd2 {[%emt 0:11:10]} O-O {[%emt 0:00:00]} 13. Rfb1 {[%emt 0:03:55]} e5 {[%emt 0:12:30]} 14. Ng5 {[%emt 0:02:17]} Re8 {[%emt 0:06:20]} 15. Nge4 {[%emt 0:01:27]} Nxe4 {[%emt 0:01:28]} 16. Nxe4 {[%emt 0:01:15]} Bf8 17. Qb3 {[%emt 0:00:24]} Rb8 {[%emt 0:02:06]} 18. Ba3 {[%emt 0:01:39]} Na5 {[%emt 0:10:04]} 19. Qb5 {[%emt 0:03:36]} Bxe4 {[%emt 0:00:31]} 20. Bxe4 {[%emt 0:02:22]} Bxa3 {[%emt 0:00:35]} 21. Rxa3 {[%emt 0:00:13]} b6 {[%emt 0:15:17]} 22. c5 {[%emt 0:13:04]} Nb7 {[%emt 0:12:06]} 23. c6 {[%emt 0:05:31]} Nd6 {[%emt 0:00:00]} 24. Qd5 {[%emt 0:07:08]} Nxe4 {[%emt 0:00:00]} 25. dxe4 {[%emt 0:00:04]} Qc7 {[%emt 0:00:00]} 26. e3 {[%emt 0:09:04]} Rbd8 {[%emt 0:00:00]} 27. Qb5 {[%emt 0:00:12]} Re6 {[%emt 0:00:00]} 28. Rc1 {[%emt 0:08:16]} Rdd6 {[%emt 0:00:00]} 29. Kg2 {[%emt 0:05:26]} Rxc6 {[%emt 0:00:00]} 30. Rxa7 {[%emt 0:01:43]} Qxa7 {[%emt 0:00:00]} 31. Rxc6 Rxc6 {[%emt 0:00:00]} 32. Qxc6 {[%emt 0:00:07]} Qa5 {[%emt 0:04:05]} 33. exd4 {[%emt 0:03:09]} exd4 {[%emt 0:00:00]} 34. Qf6 {[%emt 0:00:02]} Qc5 {[%emt 0:01:06]} 35. g4 {[%emt 0:03:35]} b5 {[%emt 0:00:00]} 36. g5 {[%emt 0:00:02]} Qc8 {[%emt 0:00:00]} 37. h3 {[%emt 0:04:54]} Qd7 {[%emt 0:00:00]} 38. Qb6 {[%emt 0:00:22]} h6 {[%emt 0:00:00]} 39. f4 {[%emt 0:00:58]} hxg5 {[%emt 0:00:00]} 40. fxg5 {[%emt 0:01:05]} d3 {[%emt 0:00:00]} 0-1

[Event "106th British-ch 2019"]
[Site "Torquay"]
[Date "2019.07.27"]
[Round "1.16"]
[White "Holland, Chris Kd"]
[Black "Eggleston, David J"]
[Result "0-1"]
[WhiteElo "2143"]
[BlackElo "2399"]
[Annotator "TA"]
[PlyCount "62"]
[EventDate "2019.07.27"]
[EventType "swiss"]
[EventCountry "GBR"]
[SourceTitle "playchess.com"]
[Source "ChessBase"]
[SourceQuality "1"]

{[%evp 14,61,14,0,35,0,0,-15,0,2,47,14,52,-22,24,-16,-9,-77,-58,-87,-83,-74,-84,-103,-132,-141,-83,-94,-40,-108,-93,-261,-252,-611,-720,-720,-696,-1168,-1168,-1607,-1494,-29989,-29990,-29990,-29991,-29991,-29992,-29998,-29999,-29999]} 1. e4 e6 2. d4 d5 3. Nc3 Nf6 4. Bg5 dxe4 5. Nxe4 Be7 6. Bxf6 gxf6 7. Nf3 f5 8. Ng3 a6 {C13: French: Classical System: 4 Bg5 Be7, Alekhine-Chatard Attack} (8... h5 9. h4 c5 10. Bb5+ Kf8 11. c3 cxd4 12. Qxd4 Qxd4 13. Nxd4 f4 14. Nge2 e5 15. Nf3 f6 16. Bc4 {0-1 (54) Kosteniuk,A (2550)-Sutovsky,E (2647) Caleta 2016}) 9. Bd3 c5 10. O-O Nc6 {The position is equal.} 11. dxc5 Qa5 12. Re1 Qxc5 13. Qe2 (13. Nh5 $14) 13... Bd7 14. c3 h5 $146 ({Predecessor:} 14... O-O-O 15. a4 a5 16. b4 axb4 17. cxb4 Qxb4 {½-½ (29) Liang,Z (2232)-Huang,Q (2395) China 2005}) 15. Nd4 (15. Rac1 $11 {remains equal.}) 15... h4 $17 16. Nb3 Qb6 17. Nf1 O-O-O 18. Nfd2 Qc7 19. Nc4 h3 (19... Rhg8 $142 20. Rad1 Kb8) 20. g3 f4 (20... Kb8 $17) 21. Rad1 {[#]} (21. Be4 $15) 21... f5 $1 22. Nd4 $2 {[#]} (22. Bc2 $17) 22... fxg3 $1 $19 ({Not} 22... Nxd4 23. cxd4 Kb8 24. Qe5 $15) 23. Nxe6 $2 (23. fxg3 Bc5 24. Ne5) 23... gxf2+ 24. Qxf2 Rhg8+ 25. Kh1 Bxe6 $1 26. Rxe6 Rg2 {[%csl Gg2][%cal Rc7h2][%mdl 64] Double Attack} 27. Rxc6 Qxc6 {Black mates.} 28. Bxf5+ {[#]} Kc7 $1 29. Qf4+ Bd6 30. Rxd6 {[#]} Rg1+ $1 {[%mdl 576] Decoy, Clearance} 31. Kxg1 Qg2# {Accuracy: White = 12%, Black = 63%.} 0-1

[Event "106th British-ch 2019"]
[Site "Torquay"]
[Date "2019.07.27"]
[Round "1.17"]
[White "Palliser, Richard Jd"]
[Black "Hand, Freddie"]
[Result "1-0"]
[WhiteElo "2399"]
[BlackElo "2142"]
[Annotator "NA"]
[PlyCount "45"]
[EventDate "2019.07.27"]
[EventType "swiss"]
[EventCountry "GBR"]
[SourceTitle "playchess.com"]
[Source "ChessBase"]
[SourceQuality "1"]
[TimeControl "40/5400+30:1800+30"]

1. d4 {[%emt 0:00:00]} d5 {[%emt 0:00:00]} 2. c4 {[%emt 0:00:00]} dxc4 {[%emt 0:00:20]} 3. Nf3 {[%emt 0:00:00]} Nf6 {[%emt 0:00:03]} 4. e3 {[%emt 0:00:00]} e6 {[%emt 0:00:05]} 5. Bxc4 {[%emt 0:00:00]} a6 {[%emt 0:00:02]} 6. O-O {[%emt 0:00:06]} b5 {[%emt 0:00:44]} 7. Bd3 {[%emt 0:00:18]} Bb7 {[%emt 0:00:04]} 8. a4 {[%emt 0:00:11]} b4 {[%emt 0:00:12]} 9. Nbd2 {[%emt 0:00:43]} c5 {[%emt 0:00:05]} 10. e4 {[%emt 0:01:01]} Nc6 {[%emt 0:00:21]} 11. e5 {[%emt 0:01:05]} Nd7 {[%emt 0:00:45]} 12. Nc4 {[%emt 0:15:19]} Nxd4 {[%emt 0:05:06]} 13. Ng5 {[%emt 0:00:52]} Bd5 {[%emt 0:25:53]} 14. Bf4 {[%emt 0:17:27]} Bxc4 {[%emt 0:17:22]} 15. Bxc4 {[%emt 0:01:07]} Nxe5 {[%emt 0:00:13]} 16. Bxe5 {[%emt 0:16:35]} Qxg5 {[%emt 0:04:12]} 17. Bxd4 {[%emt 0:02:32]} cxd4 {[%emt 0:29:41]} 18. Qf3 {[%emt 0:00:31]} Rd8 {[%emt 0:00:28]} 19. Qc6+ {[%emt 0:00:50]} Ke7 {[%emt 0:00:16]} 20. f4 {[%emt 0:18:01]} Qf5 {[%emt 0:10:18]} 21. Qxa6 {[%emt 0:04:02]} Kf6 {[%emt 0:01:46]} 22. Bd3 {[%emt 0:00:27]} Qxd3 {[%emt 0:00:07]} 23. Qxd3 {[%emt 0:00:03]} 1-0

[Event "106th British-ch 2019"]
[Site "Torquay"]
[Date "2019.07.27"]
[Round "1.18"]
[White "Jones, Steven A"]
[Black "D'costa, Lorin Ar"]
[Result "0-1"]
[WhiteElo "2117"]
[BlackElo "2396"]
[Annotator "NA"]
[PlyCount "80"]
[EventDate "2019.07.27"]
[EventType "swiss"]
[EventCountry "GBR"]
[SourceTitle "playchess.com"]
[Source "ChessBase"]
[SourceQuality "1"]
[TimeControl "40/5400+30:1800+30"]

1. d4 {[%emt 0:00:00]} Nf6 {[%emt 0:00:03]} 2. Nf3 {[%emt 0:00:25]} e6 {[%emt 0:00:52]} 3. g3 {[%emt 0:00:41]} b5 {[%emt 0:01:35]} 4. Bg2 {[%emt 0:00:52]} Bb7 {[%emt 0:00:15]} 5. O-O {[%emt 0:00:32]} c5 {[%emt 0:01:38]} 6. Bg5 {[%emt 0:00:47]} Be7 {[%emt 0:09:13]} 7. dxc5 {[%emt 0:00:36]} Bxc5 {[%emt 0:00:36]} 8. c3 {[%emt 0:04:09]} a6 {[%emt 0:19:09]} 9. a4 {[%emt 0:09:51]} b4 {[%emt 0:05:53]} 10. cxb4 {[%emt 0:06:29]} Bxb4 {[%emt 0:00:31]} 11. Nbd2 {[%emt 0:15:22]} O-O {[%emt 0:28:07]} 12. Nc4 {[%emt 0:03:26]} d5 {[%emt 0:03:20]} 13. Qb3 {[%emt 0:01:17]} a5 {[%emt 0:02:55]} 14. Nce5 {[%emt 0:00:35]} Ba6 {[%emt 0:10:01]} 15. Nd4 {[%emt 0:26:19]} Qb6 {[%emt 0:04:33]} 16. Rfd1 {[%emt 0:07:11]} Nfd7 {[%emt 0:01:01]} 17. Nxd7 {[%emt 0:05:34]} Nxd7 {[%emt 0:00:04]} 18. Be3 {[%emt 0:02:57]} Qb7 {[%emt 0:02:35]} 19. Qa2 {[%emt 0:01:30]} Rac8 {[%emt 0:00:41]} 20. Rac1 {[%emt 0:00:52]} Ne5 {[%emt 0:01:03]} 21. b3 {[%emt 0:00:28]} Ng4 {[%emt 0:00:31]} 22. Bd2 {[%emt 0:02:04]} Bc5 {[%emt 0:04:02]} 23. e3 {[%emt 0:00:05]} Qb6 {[%emt 0:00:44]} 24. h3 {[%emt 0:02:12]} Ne5 25. Bf1 {[%emt 0:03:28]} Bxf1 {[%emt 0:01:07]} 26. Kxf1 {[%emt 0:00:50]} Nd3 {[%emt 0:00:47]} 27. Rb1 {[%emt 0:02:04]} Bxd4 {[%emt 0:01:10]} 28. exd4 {[%emt 0:00:01]} Qxd4 {[%emt 0:00:48]} 29. Bxa5 {[%emt 0:00:32]} e5 {[%emt 0:00:38]} 30. Bb6 {[%emt 0:01:45]} Qe4 {[%emt 0:00:25]} 31. Kg1 {[%emt 0:00:05]} Qf5 {[%emt 0:00:38]} 32. a5 {[%emt 0:01:59]} e4 {[%emt 0:00:32]} 33. b4 {[%emt 0:00:14]} Rc6 {[%emt 0:00:27]} 34. Be3 {[%emt 0:00:31]} Rfc8 {[%emt 0:00:30]} 35. g4 {[%emt 0:01:06]} Qe5 {[%emt 0:00:32]} 36. Qa1 {[%emt 0:00:14]} Rc3 {[%emt 0:00:26]} 37. Bd2 {[%emt 0:01:05]} Nxf2 {[%emt 0:00:33]} 38. Bxc3 {[%emt 0:00:11]} Qg3+ {[%emt 0:00:08]} 39. Kf1 {[%emt 0:00:07]} Qf3 {[%emt 0:00:38]} 40. Qb2 {[%emt 0:01:17]} Nxd1+ {[%emt 0:00:16]} 0-1